Rock/Metal -Quiz muzyczny #3 (wszystkie dekady) - Statystyki

Ogólne statystyki
  • Ten quiz został rozwiązany 457 razy
  • Średni wynik to 13 z 50
Statystyki odpowiedzi
Lp Nazwa utworu Wykonawca % Poprawnych
27 Du Hast Rammstein
81%
22 One Metallica
67%
16 Toxicity System of a Down
65%
19 Dream On Aerosmith
63%
18 Baranek KULT
59%
4 Innuendo Queen
58%
24 Personal Jesus Depeche Mode
56%
37 The Number of the Beast Iron Maiden
56%
35 Under the Bridge Red Hot Chili Peppers
56%
21 Knockin at Heaven's Door Bob Dylan
47%
50 Killing in the Name Rage Against the Machine
43%
20 Purple Haze Jimi Hendrix
42%
33 Space Oddity David Bowie
37%
10 Friday I'm in Love The Cure
35%
34 Heart of Glass Blondie
31%
1 Karma Police Radiohead
30%
2 I am the Walrus The Beatles
29%
38 Rebel Yell Billy Idol
27%
6 Mob Rules Black Sabbath
27%
48 Mr. Crowley Ozzy Osbourne
27%
42 Tornado of Soul Megadeth
25%
32 Roundabout Yes
22%
8 Beelzeboss (The Final Showdown) Tenacious D
19%
30 The Look Roxette
18%
40 Sirens Pearl Jam
16%
49 Tubthumping Chumbawamba
14%
11 Over the Hills and Far Away Gary Moore
14%
31 Need You Tonight INXS
14%
13 Prayer of the Refugee Rise Against
14%
15 Pictured Life Scorpions
14%
14 Johnny B. The Hooters
14%
39 Supersonic Oasis
13%
3 Bad Day R.E.M.
13%
7 Ironic Alanis Morissette
11%
36 Stupify Disturbed
11%
44 Empty Walls Serj Tankian
11%
28 I Can See for Miles The Who
11%
45 Bad Moon Rising Creedence Clearwater Revival
10%
9 Comming for You The Offspring
8%
5 Run Riot Def Leppard
7%
17 Apache The Shadows
7%
43 Wings of a Butterfly HIM
6%
23 Jukebox Hero Foreigner
5%
12 The Perfect Drug Nine Inch Nails
5%
25 Tick Tick Boom The Hives
5%
46 It's Still Rock and Roll to Me Billy Joel
4%
47 Operation Ground and Pound DragonForce
4%
41 Satch Boogie Joe Satriani
3%
29 Centerfold The J. Geils Band
2%
26 Rooftops (A Liberation Broadcast) Lostprophets
1%
Nie znaleziono quizów pasujących do podanych kryteriów
Rozkład punktacji
Procent ludzi z każdym wynikiem
Percentyl według liczby udzielonych odpowiedzi
Twoja historia wyników
Nie rozwiązałeś tego quizu